Central Library OPAC University of Rajshahi

Bird flight / (Record no. 12328)

MARC details
000 -LEADER
fixed length control field 00752nam a2200265 a 4500
001 - CONTROL NUMBER
control field 12328
003 - CONTROL NUMBER IDENTIFIER
rucl marc code BD-RjUL
005 - DATE AND TIME OF LATEST TRANSACTION
control field 20211208235256.0
008 - FIXED-LENGTH DATA ELEMENTS--GENERAL INFORMATION
fixed length control field 170604s1963 enka 001 0 eng d
035 ## - SYSTEM CONTROL NUMBER
System control number (BD-RjUL)12377
040 ## - CATALOGING SOURCE
Original cataloging agency NED
Transcribing agency NED
Modifying agency UKM
-- BD-RjUL
Language of cataloging eng
041 ## - LANGUAGE CODE
Language code of text/sound track or separate title eng
082 00 - DEWEY DECIMAL CLASSIFICATION NUMBER
Classification number 598
Author mark and year SIB 1963
Edition number 23
100 1# - MAIN ENTRY--PERSONAL NAME
Personal name Simkiss, K.
9 (RLIN) 38293
245 10 - TITLE STATEMENT
Title Bird flight /
Statement of responsibility, etc. K. Simkiss.
260 ## - PUBLICATION, DISTRIBUTION, ETC. (IMPRINT)
Place of publication, distribution, etc. London :
Name of publisher, distributor, etc. Hutchinson Educational,
Date of publication, distribution, etc. c1963.
300 ## - PHYSICAL DESCRIPTION
Pagination 96 p. :
Size ill. ;
-- 25 cm.
490 1# - SERIES STATEMENT
Series statement Hutchinson biological monographs
504 ## - BIBLIOGRAPHY, ETC. NOTE
Bibliography, etc Bibliography: p. 87-88.
650 #0 - SUBJECT ADDED ENTRY--TOPICAL TERM
Topical term or geographic name as entry element Birds
General subdivision Physiology.
9 (RLIN) 24874
Topical term or geographic name as entry element Flight
9 (RLIN) 38294
830 #0 - SERIES ADDED ENTRY--UNIFORM TITLE
Uniform title Hutchinson biological monographs
942 ## - ADDED ENTRY ELEMENTS (KOHA)
Source of classification or shelving scheme Dewey Decimal Classification
Koha item type Books
Holdings
Lost status Source of classification or shelving scheme Damaged status Not for loan Permanent Location Current Location Shelving location Date acquired Source of acquisition Cost, normal purchase price Total Checkouts Full call number Date last seen Copy number Koha item type Collection code
  Dewey Decimal Classification     Central Library, University of Rajshahi Central Library, University of Rajshahi   08/08/1968 Swets & Zeitlinger. 12.60   598 SIB 1963 28/01/2014 C-2 Books  
  Dewey Decimal Classification   Not For Loan Central Library, University of Rajshahi Central Library, University of Rajshahi Reading Room 08/08/1968 Swets and Zeitlinger 42.00   598 SIB 1963 04/06/2017 C-1 Books Non-fiction